| 000 | 00337nam a2200121Ia 4500 | ||
|---|---|---|---|
| 008 | 210430s9999 xx 000 0 und d | ||
| 082 | _a651.75 A8191 O | ||
| 100 | _aA Ashley | ||
| 245 |
_aOxford Handbook of Commercial Correspondence _cA Ashley |
||
| 260 |
_aIndia _bOxford University Press _c2009 |
||
| 300 | _a304p. | ||
| 942 |
_cBK _2ddc |
||
| 999 |
_c564325 _d564325 |
||